000 00482cam a2200205ua 4500
001 6980
008 141118n ii |||gr||||Z||||||eng
020 _a817381225X
040 _cMAIN
041 _aeng
082 _a320
100 _aDas, P.G.,
_eAuthor.
245 1 _aModern political theory
_cBy P.G. Das
250 _a2nd rev.
260 _aKolkata:
_bNew central book,
_c2011.
300 _a460p.
653 _aPolitical science
653 _aPolitical theory
942 _cBK
999 _c6121
_d6121